Optimum experimental designs
Сохранить в:
| Главные авторы: | , |
|---|---|
| Формат: | |
| Язык: | английский |
| Опубликовано: |
Oxford
Clarendon Press
1992
|
| Серии: | Oxford statistical science series, 8
|
| Предметы: | |
| Метки: |
Добавить метку
Нет меток, Требуется 1-ая метка записи!
|
MARC
| LEADER | 00000nam a2200000 a 4500 | ||
|---|---|---|---|
| 001 | UCX7986 | ||
| 003 | CL-VaPUC | ||
| 008 | 940118e19920000UK |||||||||||||||||eng|d | ||
| 082 | 0 | 4 | |a 519.5 |b ATK |2 21 |
| 100 | 0 | |a Atkinson, Anthony Curtis |e author |9 324967 | |
| 700 | 0 | |a Donev, Alexander N |e author |9 324968 | |
| 245 | 1 | 0 | |a Optimum experimental designs |
| 300 | |a 328 p | ||
| 942 | |c BK | ||
| 945 | |d 19940118 00:00:00 |a mfernand | ||
| 260 | |a Oxford |b Clarendon Press |c 1992 | ||
| 650 | 0 | |a Diseño de experimentos |9 260691 | |
| 650 | 0 | |a Optimización matemática |9 259780 | |
| 583 | |a last modification |c 19940118 00:00:00 |k Rodrigo Vera | ||
| 490 | 0 | |a Oxford statistical science series, 8 | |
| 999 | |c 227628 |d 227626 | ||
| 952 | |0 0 |1 0 |4 0 |6 519_500000000000000_ATK_1992 |7 0 |8 A |9 226771 |a BIBGIM |b BIBGIM |d 2019-11-15 |i 2959380 |o 519.5 ATK 1992 |p 2959380 |r 2025-01-15 |w 2019-11-15 |y BK |k EST | ||
| 952 | |0 0 |1 0 |4 0 |6 519_500000000000000_ATK_1992 |7 0 |8 A |9 226772 |a BIBGIM |b BIBGIM |d 2019-11-15 |i 3575489 |o 519.5 ATK 1992 |p 3575489 |r 2025-01-15 |w 2019-11-15 |y BK |k EST | ||